| 000 | 004310000a22001690004500 | ||
|---|---|---|---|
| 003 | MACL | ||
| 005 | 20160102125917.0 | ||
| 008 | 160102b xxu||||| |||| 00| 0 eng d | ||
| 040 |
_aMACL _cMACL |
||
| 041 | _aEnglish | ||
| 082 | _a800/SON | ||
| 100 |
_aPoe, Edgar Allan _927005 |
||
| 245 | _aTales of Mystery and Imagination | ||
| 260 |
_bJ M Dent & Sons LTD _aNew York |
||
| 650 |
_aLiterature _927006 |
||
| 942 |
_cBK _k800/SON _2ddc |
||
| 999 |
_c39264 _d39264 |
||